| 000 | 00416nam a22001337a 4500 | ||
|---|---|---|---|
| 003 | http://192.168.72:8001/cgi-bin/koha/cataloguing/addbiblio.pl# | ||
| 005 | 20160727222459.0 | ||
| 008 | 160705b xxu||||| |||| 00| 0 eng d | ||
| 100 |
_92244 _a Mullen, T |
||
| 245 | _aSeriously, Life is a Laughing Matter | ||
| 260 |
_aTexas _b Word Books _c1978 |
||
| 300 | _aSeriously, Life is a Laughing Matter | ||
| 942 |
_2ddc _cBK |
||
| 999 |
_c1933 _d1933 |
||